[Event "Eu Blitz Ch"]
[Site "Panormo GRE"]
[Date "2002.10.02"]
[Round "4"]
[White "Popov,Val"]
[Black "Grivas,E"]
[Result "0-1"]
[WhiteElo "2568"]
[BlackElo "2494"]

1.Nf3 Nf6 2.c4 g6 3.Nc3 Bg7 4.e4 d6 5.d4 O-O 6.Be2 e5 7.Be3 Qe7 8.d5 Ng4
9.Bg5 f6 10.Bh4 Nh6 11.Nd2 Nf7 12.Bd3 Bh6 13.Qe2 c5 14.a3 Nd7 15.f3 Ng5 16.O-O f5
17.exf5 gxf5 18.f4 Nh3+ 19.gxh3 Qxh4 20.fxe5 Qd4+ 21.Kh1 Nxe5 22.Rf3 Bxd2
23.Rg3+ Kh8 24.Qxd2 f4 25.Ne2 Qf2 26.Rg2 Qf3 27.Nxf4 Qxf4 28.Qxf4 Rxf4 29.Rg3 Nxd3
30.Rxd3 Bf5 31.Rg3 Rf2 32.Kg1 Re2 33.Rf1 Be4 34.Rf2 Re1+ 35.Rf1 Rxf1+ 36.Kxf1 Re8
37.b4 b6 38.Kf2 Bg6 39.bxc5 bxc5 40.Rb3 Re4 41.Rb8+ Kg7 42.Rd8 Rxc4 43.Rxd6 Ra4
44.Rc6 Rxa3 45.Rxc5 Kf6 46.d6 Ke6 47.Rd5 Kd7 48.h4 Ra2+ 49.Kg3  0-1

[Event "Eu Blitz Ch"]
[Site "Panormo GRE"]
[Date "2002.10.02"]
[Round "7"]
[White "Roiz,M"]
[Black "Grivas,E"]
[Result "0-1"]
[WhiteElo "2512"]
[BlackElo "2494"]

1.d4 Nf6 2.c4 g6 3.Nc3 Bg7 4.e4 d6 5.Nf3 O-O 6.Be2 e5 7.Be3 Qe7 8.dxe5 dxe5
9.Nd5 Nxd5 10.cxd5 c6 11.O-O cxd5 12.Qxd5 Rd8 13.Qb3 Nc6 14.Bg5 Bf6 15.Bxf6 Qxf6
16.Rfd1 Rxd1+ 17.Rxd1 Qe7 18.Bc4 Bg4 19.h3 Bxf3 20.Qxf3 Nd4 21.Qd3 Rc8 22.Bd5 Rc2
23.Rd2 Qd8  0-1

[Event "EuYCh B16"]
[Site "Peniscola ESP"]
[Date "2002.10.02"]
[Round "4"]
[White "Rees,I"]
[Black "Trent,L"]
[Result "0-1"]
[WhiteElo "2079"]
[BlackElo "2246"]

1.Nf3 Nf6 2.c4 g6 3.Nc3 Bg7 4.e4 d6 5.d4 O-O 6.Be2 e5 7.O-O Na6 8.Be3 Ng4
9.Bg5 Qe8 10.dxe5 dxe5 11.h3 h6 12.Bh4 Nf6 13.a3 Nh5 14.Nd2 Nf4 15.Nd5 g5
16.Bg3 f5 17.exf5 Bxf5 18.Bg4 Bg6 19.Bxf4 gxf4 20.Ra2 Rd8 21.b3 e4 22.Qc1 c6
23.Nc3 Nc5 24.b4 Nd3 25.Qc2 e3 26.fxe3 Qxe3+ 27.Kh2 Qg3+ 28.Kg1 Bd4+  0-1

[Event "IM It"]
[Site "Rosny sous Bois FRA"]
[Date "2002.10.02"]
[Round "8"]
[White "Spielmann,Al"]
[Black "Moracchini,F"]
[Result "1-0"]
[WhiteElo "2308"]
[BlackElo "2331"]

1.d4 Nf6 2.Nf3 g6 3.c4 Bg7 4.Nc3 O-O 5.e4 d6 6.Be2 Na6 7.O-O e5 8.dxe5 dxe5
9.Be3 Ng4 10.Bg5 f6 11.Bd2 Nh6 12.Qc1 Nf7 13.Be3 c6 14.c5 Nc7 15.Qc2 Qe7
16.b4 f5 17.exf5 gxf5 18.Rad1 Be6 19.a3 a5 20.Ne1 axb4 21.axb4 Nd5 22.Rb1 Ra3
23.Bd2 e4 24.Nd1 Rfa8 25.Ne3 Ra2 26.Qc1 Nf4 27.Bd1 Ng6 28.f4 R8a3 29.Kh1 Qd7
30.N1c2 Rd3 31.Be1 Qc7 32.g3 Qd8 33.Rf2 Ne7 34.g4 Nh6 35.g5 Nf7 36.Be2 Rd7
37.Rg2 Ng6 38.Bg3 Rd2 39.Bc4 Rdxc2 40.Rxc2 Bxc4 41.Rxc4 Qd3 42.Rc2 Ra3 43.Nxf5 Qf3+
44.Rg2 Bh8 45.Qc4  1-0

[Event "Eu Blitz Ch"]
[Site "Panormo GRE"]
[Date "2002.10.03"]
[Round "11"]
[White "Nielsen,PH"]
[Black "Sakaev,K"]
[Result "0-1"]
[WhiteElo "2620"]
[BlackElo "2647"]

1.d4 g6 2.Nf3 Bg7 3.c4 d6 4.Nc3 Nf6 5.e4 O-O 6.Be2 e5 7.O-O Nbd7 8.Qc2 Nh5
9.Rd1 Nf4 10.Bf1 c5 11.d5 Nf6 12.Ne1 N6h5 13.a3 Bg4 14.f3 Bd7 15.b4 b6 16.bxc5 bxc5
17.Rb1 g5 18.g3 Ng6 19.Ng2 g4 20.fxg4 Bxg4 21.Be2 f5 22.Ne3 Bxe2 23.Qxe2 Nhf4
24.gxf4 exf4 25.Nxf5 Bxc3 26.Bb2 Qf6 27.Bxc3 Qxc3 28.Rb7 f3 29.Qf2 Kh8 30.Rdb1 Rg8
31.Rxh7+ Kxh7 32.Rb7+ Kh8 33.Rb1 Rab8 34.Rf1 Rb2 35.Qe3 Qxe3+ 36.Nxe3 Ne5+
37.Kh1 Re2 38.Nf5 Rgg2 39.Nh4 Rxh2+ 40.Kg1 Rxh4  0-1

[Event "Eu Blitz Ch"]
[Site "Panormo GRE"]
[Date "2002.10.03"]
[Round "11"]
[White "Ehlvest,J"]
[Black "Grivas,E"]
[Result "1-0"]
[WhiteElo "2600"]
[BlackElo "2494"]

1.d4 Nf6 2.c4 g6 3.Nc3 Bg7 4.e4 d6 5.Nf3 O-O 6.Be2 e5 7.Be3 Qe7 8.d5 Ng4
9.Bg5 f6 10.Bh4 Nh6 11.O-O Nf7 12.Ne1 Bh6 13.Nd3 Ng5 14.Kh1 f5 15.exf5 Bxf5
16.f4 exf4 17.Nxf4 Nd7 18.Ne6 Bxe6 19.dxe6 Qxe6 20.Rxf8+ Rxf8 21.Bg4 Qf7
22.Bxd7 Qxd7 23.Bxg5 Bxg5 24.h3 Bf6 25.Qd5+ Rf7 26.Ne4 Kg7 27.Qxb7 Bxb2 28.Qxb2+  1-0

[Event "6th Itau Cup"]
[Site "Sao Paulo BRA"]
[Date "2002.10.03"]
[Round "7"]
[White "Haro,P"]
[Black "Crosa,M"]
[Result "0-1"]
[WhiteElo "2146"]
[BlackElo "2441"]

1.d4 g6 2.e4 Bg7 3.c4 d6 4.Nc3 Nf6 5.Nf3 O-O 6.Be2 e5 7.dxe5 dxe5 8.Qxd8 Rxd8
9.Bg5 Re8 10.O-O-O c6 11.Nxe5 Na6 12.f4 h6 13.Bh4 Nc5 14.Bf3 g5 15.Bf2 Ne6
16.f5 Nf8 17.Ng4 Nxg4 18.Bxg4 Bxc3 19.bxc3 Rxe4 20.Rd4 Rxg4 21.Rxg4 Bxf5
22.Rg3 Be6 23.Rd1 Bxc4 24.h4 Bxa2 25.hxg5 h5 26.Rgd3 Ne6 27.Rd7 b6 28.Be3 c5
29.R1d6 Kg7 30.g3 Kg6 31.Rb7 Bc4 32.Rdd7 Nxg5 33.Rxa7 Rxa7 34.Rxa7 Ne4 35.Rb7 b5
36.Rc7 Nxg3 37.Rxc5 f6 38.Rc8 Kf5 39.Rf8 h4 40.Bf2 Kg5 41.Kd1 Nh5 42.Ke1 Kg4
43.Bd4 h3 44.Kf2 f5 45.Be5 f4 46.Rh8 Bf7 47.Rd8 Ng3 48.Rd1 h2 49.Kg2 h1=Q+  0-1

[Event "ch-ESP Open"]
[Site "Ayamonte ESP"]
[Date "2002.10.04"]
[Round "1"]
[White "Camarena Gimenez,R"]
[Black "Andres Flores,A"]
[Result "1-0"]
[WhiteElo "2387"]
[BlackElo "2058"]

1.d4 Nf6 2.c4 g6 3.Nc3 Bg7 4.e4 d6 5.Be2 O-O 6.Nf3 e5 7.d5 a5 8.Bg5 h6 9.Bh4 Na6
10.Nd2 Qe8 11.O-O Nh7 12.a3 Bd7 13.b3 h5 14.f3 f5 15.exf5 gxf5 16.Qc2 Qg6
17.Kh1 Qh6 18.Rab1 Rf7 19.b4 axb4 20.axb4 Nf8 21.f4 exf4 22.Nf3 Re8 23.Nb5 Ng6
24.Bg5 Qh8 25.c5 dxc5 26.bxc5 Rxe2 27.Qxe2 Nxc5 28.Nxc7 Ne4 29.Rxb7 h4 30.Rb8+ Rf8
31.Rxf8+ Bxf8 32.Qc4 Ng3+ 33.hxg3 hxg3+ 34.Kg1 Ne5 35.Bf6 Nxf3+ 36.Rxf3 Qh2+
37.Kf1 Qh1+ 38.Ke2 Qxg2+ 39.Ke1 Bd6 40.Qe2 Qxe2+ 41.Kxe2 Bxc7 42.Rb3 Be8
43.Rb7 Bh5+ 44.Kf1 Bd6 45.Rd7 Bc5 46.Be5 Bg4 47.d6 Kf8 48.Rc7 Bb6 49.d7  1-0

[Event "ch-ESP Open"]
[Site "Ayamonte ESP"]
[Date "2002.10.05"]
[Round "2"]
[White "Candela Perez,J"]
[Black "Figuero Toro,J"]
[Result "1/2-1/2"]
[WhiteElo "2427"]
[BlackElo "2260"]

1.d4 Nf6 2.c4 g6 3.Nc3 Bg7 4.e4 d6 5.Nf3 O-O 6.Be2 e5 7.d5 a5 8.Bg5 h6 9.Bh4 Na6
10.Nd2 Qe8 11.a3 Bd7 12.b3 Nh7 13.Qb1 Bf6 14.Bxf6 Nxf6 15.b4 axb4 16.axb4 Qe7
17.O-O Rfb8 18.Ra5 c6 19.Qa1 Qd8 20.Qa3 c5 21.bxc5 Nxc5 22.Ra1 Ra6 23.Bd1 Rba8
24.Rxa6 Rxa6 25.Qb2 Qa8 26.Rb1 Qa7 27.Qc2 Ra3 28.h3 Ba4 29.Nxa4 Rxa4 30.Bf3 Ra3
31.Re1 Qa5 32.Rb1 Qa7 33.Re1 Qa5 34.Rb1  1/2-1/2

[Event "Autumn Cup"]
[Site "Bucharest ROM"]
[Date "2002.10.05"]
[Round "11"]
[White "Glodeanu,I"]
[Black "Bogza,A"]
[Result "1/2-1/2"]
[WhiteElo "2266"]
[BlackElo "2270"]

1.Nf3 d6 2.d4 Nf6 3.c4 g6 4.Nc3 Bg7 5.e4 O-O 6.Be2 e5 7.dxe5 dxe5 8.Qxd8 Rxd8
9.Bg5 Re8 10.Nd5 Nxd5 11.cxd5 c6 12.Bc4  1/2-1/2

[Event "FSIMB Oct"]
[Site "Budapest HUN"]
[Date "2002.10.05"]
[Round "1"]
[White "Dub,Z"]
[Black "Alfred,N"]
[Result "1-0"]
[WhiteElo "2270"]
[BlackElo "2251"]

1.c4 Nf6 2.Nc3 g6 3.Nf3 Bg7 4.d4 d6 5.e4 O-O 6.Be2 e5 7.Be3 h6 8.O-O Ng4
9.Bc1 Nc6 10.d5 Ne7 11.Ne1 h5 12.f3 Nh6 13.Be3 f5 14.c5 f4 15.Bf2 g5 16.Rc1 Ng6
17.cxd6 cxd6 18.Nb5 g4 19.Nc7 g3 20.hxg3 fxg3 21.Bxg3 Qg5 22.Bh2 Rb8 23.Rc3 Nf4
24.Kh1 Kh8 25.g3 Nxe2 26.Qxe2 Qg6 27.Ng2 Bh3 28.Nh4 Qf7 29.Rfc1 Bf6 30.Ne6 Bxh4
31.Nxf8 Bg5 32.f4 Rxf8 33.fxg5 Ng4 34.Bg1 Bf1 35.Qe1 Qd7 36.Qxf1 Rxf1 37.Rc8+ Rf8
38.Rxf8+ Kg7 39.Rfc8 Kg6  1-0

[Event "European Seniors"]
[Site "Saint Vincent ITA"]
[Date "2002.10.05"]
[Round "8"]
[White "Arkhangelsky,B"]
[Black "Kock,HU"]
[Result "1/2-1/2"]
[WhiteElo "2406"]
[BlackElo "2207"]

1.c4 Nf6 2.Nc3 g6 3.e4 d6 4.d4 Bg7 5.Be2 O-O 6.Nf3 e5 7.O-O Qe8 8.d5 a5 9.b3 Bd7
10.a3 Nh5 11.Re1 f5 12.Rb1 Na6 13.b4 axb4 14.axb4 Nf6 15.Nd2 c6 16.Bd3 c5
17.Ba3 b6 18.bxc5 bxc5 19.Nb5 Qe7 20.Ra1 Rfb8 21.Qe2 fxe4 22.Nxe4 Nxe4 23.Bxe4 Bxb5
24.cxb5 Nc7 25.Reb1 Ra5 26.b6 Na8 27.g3 Nxb6 28.Bc1 Rxa1 29.Rxa1 Ra8 30.Rxa8+ Nxa8
31.h4 Nc7 32.h5 g5 33.Bd2 Bh6 34.Kg2 Ne8 35.Bf5 Ng7 36.Be4 Ne8 37.Bf5 Ng7
38.Be4  1/2-1/2

[Event "ch-ESP Open"]
[Site "Ayamonte ESP"]
[Date "2002.10.07"]
[Round "4"]
[White "Palacios Perez,M"]
[Black "Aguera Naredo,J"]
[Result "1-0"]
[WhiteElo "2192"]
[BlackElo "2309"]

1.d4 Nf6 2.c4 g6 3.Nc3 Bg7 4.e4 d6 5.Nf3 O-O 6.Be2 Nbd7 7.O-O e5 8.d5 Nc5
9.Qc2 a5 10.Ne1 h5 11.Bg5 Qe8 12.Nb5 Qd7 13.f3 Nh7 14.Be3 b6 15.Nd3 Qe7 16.Nxc5 bxc5
17.Bd3 f5 18.exf5 gxf5 19.Rae1 Rf7 20.Kh1 Nf8 21.f4 e4 22.Be2 h4 23.Rg1 Nh7
24.g4 hxg3 25.Rxg3 Qh4 26.Reg1 Nf6 27.Qb1 Ng4 28.Bxg4 fxg4 29.Nc3 Bf5 30.Ne2 Qh8
31.b3 Bd4 32.Qc1 Bf6 33.R3g2 Bh4 34.Ng3 Bxg3 35.Rxg3 Rh7 36.R1g2 a4 37.Bd2 Kf7
38.Bc3 Qe8 39.Bb2 c6 40.Qc3 Kg8 41.Rxg4+ Bxg4 42.Rxg4+ Kf8 43.Rg7 Ra7 44.Qf6+  1-0

[Event "EuYCh B16"]
[Site "Peniscola ESP"]
[Date "2002.10.07"]
[Round "8"]
[White "Esen,B"]
[Black "Bermejo Martinez,J"]
[Result "1-0"]
[WhiteElo "2189"]
[BlackElo "2135"]

1.Nf3 Nf6 2.c4 g6 3.Nc3 Bg7 4.e4 O-O 5.d4 d6 6.Be2 Na6 7.O-O e5 8.Be3 Ng4
9.Bg5 Qe8 10.h3 f6 11.Bh4 Nh6 12.d5 f5 13.Nd2 f4 14.f3 Nf7 15.c5 Nxc5 16.Nb5 Na6
17.Rc1 c6 18.dxc6 bxc6 19.Nc3 g5 20.Bf2 Nc7 21.Nc4 Qe7 22.b4 h5 23.a4 Be6
24.Na5 Bd7 25.b5 c5 26.Nc6 Bxc6 27.bxc6 Nd8 28.Nd5 Nxd5 29.Qxd5+ Ne6 30.Rfd1 Rad8
31.Bc4 Kf7 32.Rb1 Rb8 33.Rxb8 Rxb8 34.Qxd6 Rc8 35.Qxe6+ Qxe6 36.Rd7+ Kf6
37.Bxe6 Kxe6 38.Rxg7 Rxc6 39.Rg6+ Kd7 40.Rxc6 Kxc6 41.Kf1 Kb6 42.Be1 Kc6
43.Bc3 Kd6  1-0

[Event "FSFMA Oct"]
[Site "Budapest HUN"]
[Date "2002.10.09"]
[Round "5"]
[White "Szentmihalyi,T"]
[Black "Szilardfy,G"]
[Result "1/2-1/2"]
[WhiteElo "2092"]
[BlackElo "2115"]

1.d4 Nf6 2.Nf3 g6 3.c4 Bg7 4.Nc3 O-O 5.e4 d6 6.Be2 Nbd7 7.O-O e5 8.Re1 c6
9.Bg5 h6 10.Bh4 a5 11.dxe5 dxe5 12.Qd6 Qb6 13.Na4 Qb4 14.Qd1 g5  1/2-1/2

[Event "6th Final RUS Cup"]
[Site "Nefteyugansk RUS"]
[Date "2002.10.09"]
[Round "4"]
[White "Popov,Val"]
[Black "Kornev,Alexe"]
[Result "0-1"]
[WhiteElo "2568"]
[BlackElo "2566"]

1.d4 Nf6 2.c4 g6 3.Nc3 Bg7 4.e4 d6 5.Nf3 O-O 6.Be2 e5 7.Be3 Nbd7 8.d5 h6
9.Nd2 Nh7 10.b4 f5 11.f3 Ndf6 12.O-O f4 13.Bf2 g5 14.c5 Rf7 15.Nc4 Bf8 16.cxd6 Bxd6
17.Nb5 g4 18.Bc5 g3 19.Nbxd6 cxd6 20.Bxd6 Nxe4 21.fxe4 Qh4 22.h3 Bxh3 23.Bh5 Rg7
24.Nxe5 Bxg2 25.Kxg2 Qh2+ 26.Kf3 g2 27.Bf7+ Rxf7 28.Qd4 gxf1=Q+  0-1

[Event "ch-ESP Open"]
[Site "Ayamonte ESP"]
[Date "2002.10.10"]
[Round "7"]
[White "Palacios Perez,M"]
[Black "Pablo Marin,A"]
[Result "0-1"]
[WhiteElo "2192"]
[BlackElo "2434"]

1.d4 Nf6 2.c4 g6 3.Nc3 Bg7 4.e4 d6 5.Nf3 O-O 6.Be2 e5 7.d5 a5 8.Bg5 h6 9.Bh4 Na6
10.Nd2 Qe8 11.O-O Nh7 12.Kh1 h5 13.f3 Bh6 14.Bf2 Bd7 15.b3 Qe7 16.a3 Kg7
17.Na2 h4 18.Nc1 Nc5 19.Nd3 Nxd3 20.Bxd3 Bf4 21.Qc2 b6 22.b4 Qg5 23.Nb3 Ba4
24.Qb2 Nf6 25.Nc1 Bd7 26.Re1 axb4 27.axb4 Rxa1 28.Qxa1 Bd2 29.Rd1 Bxb4 30.Qa7 Bd2
31.Ne2 Be3 32.Bxe3 Qxe3 33.Qxc7 h3 34.Ng1 Qf2 35.Bf1 Ra8 36.gxh3 Ra2  0-1

[Event "ch-ESP Open"]
[Site "Ayamonte ESP"]
[Date "2002.10.10"]
[Round "7"]
[White "Mascaro March,P"]
[Black "Castillo Gallego,S"]
[Result "1-0"]
[WhiteElo "2320"]
[BlackElo "2208"]

1.d4 Nf6 2.c4 g6 3.Nc3 Bg7 4.e4 d6 5.Be2 O-O 6.Nf3 Na6 7.O-O e5 8.Be3 Ng4
9.Bg5 Qe8 10.h3 h6 11.Bc1 exd4 12.Nxd4 Nf6 13.Bf3 Nh7 14.h4 c6 15.Re1 Qe5
16.Nde2 Qf6 17.Ng3 Qxh4 18.Qxd6 Ng5 19.Be2 Ne6 20.Nf1 Nd4 21.g3 Nxe2+ 22.Rxe2 Qh5
23.Re1 Bg4 24.Be3 Rfe8 25.Nh2 Be5 26.Nxg4 Qxg4 27.Qd1 Qh3 28.Ne2 g5 29.Qb3 b6
30.Rad1 Nc7 31.Qa4 Ne6 32.Qxc6 Rad8 33.Rd5 Nf4 34.gxf4 gxf4 35.Bxf4 Bxf4
36.Nxf4 Qg4+ 37.Ng2 Kh7 38.Qc7 Rg8 39.Qxf7+ Kh8 40.Qf6+ Kh7 41.Qf5+ Kh8 42.Qxg4  1-0

[Event "Essent Open"]
[Site "Hoogeveen NED"]
[Date "2002.10.11"]
[Round "1"]
[White "Kiriakov,P"]
[Black "Boersma,J"]
[Result "1/2-1/2"]
[WhiteElo "2553"]
[BlackElo "2244"]

1.d4 Nf6 2.c4 g6 3.Nc3 Bg7 4.e4 O-O 5.Nf3 d6 6.Be2 Nbd7 7.O-O e5 8.Be3 Qe7
9.d5 a5 10.Nd2 Nc5 11.a3 a4 12.Bxc5 dxc5 13.Nxa4 Bh6 14.Nc3 b6 15.Nb3 Ne8
16.a4 Nd6 17.a5 Ba6 18.Ra4 f5 19.axb6 cxb6 20.Qc2 Qh4 21.g3 Qh3 22.exf5 Rxf5
23.Qd1 Rf4 24.f3 Nf5 25.Qe1 Ne3 26.Rf2 Rff8  1/2-1/2

[Event "ch-ESP Open"]
[Site "Ayamonte ESP"]
[Date "2002.10.12"]
[Round "9"]
[White "Palacios Perez,M"]
[Black "Barrero Garcia,C"]
[Result "1/2-1/2"]
[WhiteElo "2192"]
[BlackElo "2311"]

1.d4 Nf6 2.c4 g6 3.Nc3 Bg7 4.e4 d6 5.Nf3 O-O 6.Be2 e5 7.d5 a5 8.Bg5 h6 9.Bh4 Na6
10.Nd2 Qe8 11.O-O h5 12.Bg5 Nh7 13.Be3 Bd7 14.a3 a4 15.Nb5 Bxb5 16.cxb5 Nc5
17.Qc2 b6 18.b4 axb3 19.Nxb3 f5 20.Nxc5 dxc5 21.f3 f4 22.Bf2 g5 23.a4 Qg6
24.Rfd1 g4 25.Be1 Ng5 26.Kh1  1/2-1/2

[Event "TCh-CZE 2002-3"]
[Site "Czech Rep CZE"]
[Date "2002.10.12"]
[Round "1"]
[White "Suran,J"]
[Black "Mudrak,J"]
[Result "1-0"]
[WhiteElo "2388"]
[BlackElo "2394"]

1.d4 Nf6 2.c4 g6 3.Nc3 Bg7 4.e4 d6 5.Nf3 O-O 6.Be2 e5 7.Be3 Nbd7 8.O-O Re8
9.d5 Rf8 10.b4 Ng4 11.Bg5 f6 12.Bd2 Nh6 13.Rc1 Nf7 14.c5 a6 15.c6 bxc6 16.dxc6 Nb6
17.Be3 Rb8 18.a4 Be6 19.Bxa6 Nc4 20.Bxc4 Bxc4 21.Nd5 Bxd5 22.Qxd5 Rxb4 23.a5 Kh8
24.a6 f5 25.Rb1 Rxb1 26.Rxb1 f4 27.Bd2 Qa8 28.Qc4 Nd8 29.Rb7 Nxb7 30.cxb7 Qb8
31.Ba5 c5 32.Ng5 Bf6 33.Ne6 Rf7 34.Bc7 Rxc7 35.Nxc7 Bd8 36.Nd5  1-0

[Event "TCh-CZE 2002-3"]
[Site "Czech Rep CZE"]
[Date "2002.10.12"]
[Round "1"]
[White "Timoscenko,G"]
[Black "Neuman,A"]
[Result "1/2-1/2"]
[WhiteElo "2525"]
[BlackElo "2095"]

1.d4 Nf6 2.c4 g6 3.Nc3 Bg7 4.e4 d6 5.Nf3 O-O 6.Be2 e5 7.O-O Na6 8.Re1 c6
9.Bf1 Bg4 10.d5 Nb4 11.Be2 a5 12.Bg5 h6 13.Be3 c5 14.Qd2 Kh7 15.a3 Na6 16.Qc2 Bd7
17.Nb5 Qe7 18.g3 b6 19.Bd3 Ne8 20.Nh4 Nec7 21.Nc3 Rfb8 22.Qe2 Rb7 23.f4 Rab8
24.a4 exf4 25.Bxf4 Re8 26.Qd2 Qf8 27.Rf1 Bh3 28.Rf2 Nb8 29.Bf1 Bc8 30.Be3 Nd7
31.Bh3 Ne5 32.Bxc8 Rxc8 33.Qe2 Qe7 34.Raf1 Rf8 35.h3 Rbb8 36.Nf3 Rbe8 37.Nxe5 Bxe5
38.Bf4 Bd4 39.Be3 Be5 40.Bf4 Bd4 41.Be3 Be5 42.Bf4  1/2-1/2

[Event "TCh-SWE"]
[Site "Helsingborg SWE"]
[Date "2002.10.12"]
[Round "2"]
[White "Cramling,D"]
[Black "Djurhuus,R"]
[Result "1/2-1/2"]
[WhiteElo "2425"]
[BlackElo "2479"]

1.c4 g6 2.e4 Bg7 3.d4 d6 4.Nc3 Nf6 5.Be2 O-O 6.Nf3 e5 7.d5 a5 8.Be3 Na6 9.Nd2 Ne8
10.O-O f5 11.f3 f4 12.Bf2 h5 13.a3 g5 14.b4 Rf6 15.c5 Rg6 16.c6 b6 17.bxa5 bxa5
18.g4 fxg3 19.Bxg3 Bh3 20.Re1 h4 21.Bf2 Bh6 22.Nc4 g4 23.fxg4 Nf6 24.Qd3 Bxg4
25.Kh1 Kh7 26.Rg1 Qe7 27.h3 Bxe2 28.Qxe2 Rag8 29.Bxh4 Nc5 30.Rxg6 Rxg6 31.Rg1 Qg7
32.Rxg6 Qxg6 33.Qg2 Qf7 34.Qf3 Bf4 35.Bxf6 Qxf6 36.Qh5+ Kg7 37.Qg4+ Kh6 38.Qc8 Bc1
39.Qg8 Qh4 40.Qf8+ Kh7 41.Qf5+ Kh6 42.Kg2 Bf4 43.Qf8+ Kh7 44.Qf7+ Kh6 45.Qf8+ Kh7
46.Qf7+  1/2-1/2

[Event "Essent Open"]
[Site "Hoogeveen NED"]
[Date "2002.10.13"]
[Round "3"]
[White "Vanderstricht,G"]
[Black "Nijboer,F"]
[Result "0-1"]
[WhiteElo "2403"]
[BlackElo "2556"]

1.d4 g6 2.e4 d6 3.c4 Nf6 4.Nc3 Bg7 5.Nf3 O-O 6.Be2 e5 7.O-O Na6 8.Be3 Ng4
9.Bg5 Qe8 10.dxe5 dxe5 11.h3 h6 12.Bd2 Nf6 13.Be3 Qe7 14.Nd5 Qd8 15.Nxf6+ Qxf6
16.c5 Nb8 17.b4 Nc6 18.Qa4 Rd8 19.Rad1 Be6 20.Rxd8+ Rxd8 21.b5 Nd4 22.Bxd4 exd4
23.Rd1 d3 24.Bf1 Qb2 25.c6 bxc6 26.Qxa7 Qc2 27.Rd2 cxb5 28.Bxd3 Qc1+ 29.Kh2 Bc3
30.Qxc7 Rc8 31.Rc2 Rxc7 32.Rxc1 Be5+ 33.Nxe5 Rxc1  0-1

[Event "TCh-BEL 2001-2"]
[Site "Belgium BEL"]
[Date "2002.10.14"]
[Round "9"]
[White "Kadimova,I"]
[Black "De Wit,D"]
[Result "1/2-1/2"]
[WhiteElo "2372"]
[BlackElo "2204"]

1.d4 Nf6 2.c4 g6 3.Nc3 Bg7 4.e4 d6 5.Nf3 O-O 6.Be2 e5 7.Be3 exd4 8.Nxd4 Re8
9.f3 Nc6 10.O-O Nh5 11.f4 Nf6 12.Bf3 Ng4 13.Bxg4 Bxg4 14.Nxc6 Qd7 15.Nb8 Raxb8
16.Qd3 Bxc3 17.bxc3 Qc6 18.Bxa7 Ra8 19.Bd4  1/2-1/2

[Event "Essent Open"]
[Site "Hoogeveen NED"]
[Date "2002.10.14"]
[Round "4"]
[White "Schuurman,P"]
[Black "Visser,Y"]
[Result "0-1"]
[WhiteElo "2274"]
[BlackElo "2431"]

1.d4 Nf6 2.c4 g6 3.Nc3 Bg7 4.e4 d6 5.Nf3 O-O 6.Be2 Na6 7.O-O e5 8.Be3 Ng4
9.Bg5 f6 10.Bh4 Nh6 11.a3 Nf7 12.Rc1 c6 13.d5 c5 14.Ne1 h5 15.Bg3 Bh6 16.f4 h4
17.Bxh4 exf4 18.Nd3 g5 19.Bf2 f5 20.exf5 Bxf5 21.Bg4 Qd7 22.Ne4 Bg7 23.Bxf5 Qxf5
24.Qf3 Rae8 25.Rce1 Nb8 26.h4 Nd7 27.Nxg5 Nxg5 28.hxg5 Ne5 29.Nxe5 Bxe5 30.b4 b6
31.bxc5 bxc5 32.Re4 Qxg5 33.Rfe1 Rf7 34.Kf1 Ree7 35.Qb3 Rh7 36.Qb8+ Kf7 37.Bg1 f3
38.gxf3 Rh1 39.Ke2 Rxg1 40.Rxg1 Qxg1  0-1

[Event "TCh-FIN 2002-3"]
[Site "Finland FIN"]
[Date "2002.10.19"]
[Round "2"]
[White "Toikka,J"]
[Black "Salo,H"]
[Result "1/2-1/2"]
[WhiteElo "2043"]
[BlackElo "2269"]

1.Nf3 Nf6 2.c4 g6 3.Nc3 Bg7 4.e4 d6 5.d4 O-O 6.Be2 e5 7.O-O Na6 8.Be3 Ng4
9.Bg5 Qe8 10.dxe5 h6 11.Bc1 dxe5 12.h3 Nf6 13.Be3 Nh5 14.b4 f5 15.b5 f4 16.Bc1 Nb8
17.Ba3 Rf7 18.Nh4 Nf6 19.Qc2 Kh7 20.Rfd1 Be6 21.Nf3 Nbd7 22.Nd5 Rc8 23.Bd3 g5
24.Bb2 Kh8 25.Rac1 c6 26.bxc6 bxc6 27.Nxf6 Bxf6 28.Bf1 Rg7 29.Nh2 h5 30.f3 g4
31.fxg4 hxg4 32.Nxg4 Bxg4 33.hxg4 Rxg4 34.Qd3 Be7 35.c5 Rd8 36.Qh3+ Rh4 37.Qf5 Rh5
38.Qg4 Nf6 39.Qf3 Rxd1 40.Qxd1 Nxe4 41.Be2 Rg5 42.Bf3 Bxc5+ 43.Rxc5 Nxc5
44.Qd6 Ne6 45.Bxe5+ Kg8 46.Bf6 Nd4 47.Qxd4 Qe1+ 48.Kh2 Qh4+ 49.Kg1 Qe1+ 50.Kh2  1/2-1/2

[Event "Essent Open"]
[Site "Hoogeveen NED"]
[Date "2002.10.19"]
[Round "9"]
[White "Markus,J"]
[Black "Boersma,J"]
[Result "1-0"]
[WhiteElo "2243"]
[BlackElo "2244"]

1.d4 Nf6 2.c4 g6 3.Nc3 Bg7 4.e4 O-O 5.Nf3 d6 6.Be2 Nbd7 7.O-O e5 8.d5 Nc5
9.Qc2 a5 10.Bg5 h6 11.Be3 Qe7 12.Nd2 Bd7 13.b3 Ne8 14.a3 f5 15.f3 f4 16.Bf2 Bf6
17.b4 Na6 18.c5 Bh4 19.Bxh4 Qxh4 20.Bxa6 Rxa6 21.b5 Ra8 22.c6 Bc8 23.cxb7 Bxb7
24.Nc4 Qd8 25.Rfc1 Nf6 26.Qf2 Nd7 27.Na4 g5 28.Rab1 Qb8 29.Kh1 Rc8 30.g4 fxg3
31.hxg3 Rf8 32.Ne3 Qd8 33.Kg2 Nf6 34.Qc2 Rf7 35.Rh1 Rh7 36.Nf5 Bc8 37.Nxh6+ Kg7
38.Nf5+ Bxf5 39.exf5 Rxh1 40.Rxh1 Nxd5 41.Qd2 Nb6 42.Nxb6 cxb6 43.Rh5 d5
44.Rxg5+ Kf7 45.Rh5 Qd6 46.Rh7+ Kg8 47.Rh6 Qd8 48.f6 Kf7 49.Qg5  1-0

[Event "10th Chigorin Mem B"]
[Site "St Petersburg RUS"]
[Date "2002.10.26"]
[Round "2"]
[White "Arakelov,I"]
[Black "Margolin,E"]
[Result "0-1"]
[WhiteElo "2377"]
[BlackElo "2206"]

1.d4 Nf6 2.c4 g6 3.Nc3 Bg7 4.e4 d6 5.Nf3 O-O 6.Be2 e5 7.O-O exd4 8.Nxd4 Re8
9.f3 Nh5 10.g4 Nf6 11.Bg5 h6 12.Bh4 c6 13.Nb3 Nbd7 14.Qc2 Qc7 15.Rad1 Ne5
16.Nd4 Nh7 17.Kg2 Nf8 18.h3 Ne6 19.Nxe6 Bxe6 20.b3 g5 21.Bg3 Rad8 22.h4 Ng6
23.hxg5 hxg5 24.c5 Qa5 25.Na4 Be5 26.Bxe5 dxe5 27.Qc3 Qc7 28.Rh1 Kg7 29.Nb2 Rh8
30.Nd3 f6 31.Kg3 Qc8 32.Qa5 Qb8 33.Kf2 Rd7 34.Qe1 Rdd8 35.Qc3 Rd4 36.Qc1 Qd8
37.Rxh8 Qxh8 38.Rh1 Qd8 39.Qf1 Qa5 40.Qb1 Qc3 41.Rc1 Qa5 42.Qc2 Qd8 43.Rh1 a5
44.Ke3 a4 45.Rd1 axb3 46.axb3 Qa5 47.Qd2 Qa3 48.Qc3 Qa8 49.Nf2 Rxd1 50.Bxd1 Qa2
51.Bc2 Qa3 52.Nd3 Bf7 53.Qb4 Qa8 54.Nc1 Nf4 55.Ne2 Ne6 56.Qc3 Qa7 57.b4 b6
58.cxb6 Qxb6+ 59.Kd2 Nc7 60.Bd3 Be8 61.Nc1 Qf2+ 62.Be2 Nb5  0-1

[Event "Before Thunder Storm"]
[Site "Tel Aviv ISR"]
[Date "2002.10.27"]
[Round "8"]
[White "Kharnak,D"]
[Black "Gershkowich,D"]
[Result "1/2-1/2"]
[WhiteElo "2243"]
[BlackElo "2216"]

1.d4 Nf6 2.c4 g6 3.Nc3 Bg7 4.e4 d6 5.Nf3 O-O 6.Be2 e5 7.dxe5 dxe5 8.Qxd8 Rxd8
9.Bg5 Re8 10.Nd5 Nxd5 11.cxd5 c6 12.Bc4 cxd5 13.Bxd5 Nc6 14.O-O h6 15.Be3 Bd7
16.Rfd1 Red8 17.a3 Rac8 18.Rac1 Bg4 19.Kf1 Nd4 20.h3 Bxf3 21.gxf3 b6 22.f4 Nc2
23.Rxc2 Rxc2 24.Bxf7+ Kxf7 25.Rxd8 exf4 26.Bxf4 Ke7 27.Ra8 Bd4 28.Rxa7+ Ke6
29.Bg3 Rxb2 30.a4 Ra2 31.Kg2 h5 32.h4 Kf6 33.Ra8 Ke7 34.e5 b5 35.a5 b4 36.Rb8  1/2-1/2

[Event "6th OIBM"]
[Site "Bad Wiessee GER"]
[Date "2002.10.28"]
[Round "3"]
[White "Savchenko,S"]
[Black "Taeger,W"]
[Result "1-0"]
[WhiteElo "2541"]
[BlackElo "2285"]

1.d4 Nf6 2.c4 g6 3.Nc3 Bg7 4.e4 d6 5.Nf3 O-O 6.Be2 e5 7.O-O exd4 8.Nxd4 Re8
9.f3 Nc6 10.Be3 Nh5 11.Qd2 Nf4 12.Rfd1 Nxe2+ 13.Ncxe2 Nxd4 14.Bxd4 Qe7 15.Nc3 Be6
16.Bxg7 Kxg7 17.Nd5 Bxd5 18.cxd5 Qe5 19.Rac1 Re7 20.Rc4 Rc8 21.Rdc1 Kg8 22.b4 f5
23.f4 Qf6 24.e5 dxe5 25.d6 Rf7 26.Rxc7 Rfxc7 27.dxc7 Qe6 28.fxe5 Qxe5 29.Kh1 Qe6
30.Re1 Qf7 31.Qd8+ Qf8 32.Rd1  1-0

[Event "Olympiad"]
[Site "Bled SLO"]
[Date "2002.10.28"]
[Round "3"]
[White "Johannessen,LE"]
[Black "Rama,L"]
[Result "1-0"]
[WhiteElo "2534"]
[BlackElo "2348"]

1.d4 Nf6 2.c4 g6 3.Nc3 Bg7 4.e4 d6 5.Nf3 O-O 6.Be2 e5 7.O-O Nh5 8.g3 Bh3
9.Re1 exd4 10.Nxd4 Nf6 11.Bg5 h6 12.Be3 Re8 13.f3 Nbd7 14.Qd2 Kh7 15.Nd1 Ne5
16.Nf2 Bd7 17.Rad1 a6 18.Kg2 Qe7 19.b3 Rad8 20.h3 c5 21.Nc2 Bc6 22.a4 b6
23.Kh2 Bb7 24.Rb1 a5 25.Na3 d5 26.cxd5 Nxd5 27.exd5 Bxd5 28.Qc2 Bxf3 29.Nc4 Ba8
30.Nxb6 Nd7 31.Nc4 Qf6 32.Bf1 Qc6 33.Rbd1 Bd4 34.Bxd4 cxd4 35.Qd2 Nc5 36.Nxa5 Qc7
37.Bg2 h5 38.h4 Bxg2 39.Kxg2 d3 40.b4 Nxa4 41.Rxe8 Rxe8 42.Qxd3 Nb6 43.Ne4 Qe7
44.Nd6 Rd8 45.Nc6  1-0

[Event "Olympiad"]
[Site "Bled SLO"]
[Date "2002.10.28"]
[Round "3"]
[White "Cruz,F"]
[Black "Arizmendi Martinez,J"]
[Result "0-1"]
[WhiteElo "2363"]
[BlackElo "2510"]

1.d4 Nf6 2.c4 g6 3.Nc3 Bg7 4.e4 d6 5.Nf3 O-O 6.Be2 Na6 7.O-O e5 8.d5 Nc5
9.Qc2 a5 10.Ne1 Bd7 11.Be3 b6 12.f3 Nh5 13.Nd3 f5 14.b3 Nf4 15.Nxf4 exf4
16.Bxf4 fxe4 17.fxe4 Nxe4 18.Qxe4 Bxc3 19.Rac1 Bb2 20.Rcd1 Qh4 21.g3 Qh3
22.Rf2 Rae8 23.Qd3 Ba3 24.Be3 Bf5 25.Qd2 Bb4 26.Qc1 Be4 27.Rdf1 Rxf2 28.Rxf2 Rf8
29.Bf1 Qh5 30.Bg2 Rxf2 31.Bxf2 Bf5 32.Qe3 Qd1+ 33.Bf1 Kf7 34.Qh6 Qh5 35.Qf4 Qg4
36.Qh6 Qh5 37.Qf4 Bc3 38.Bd4 Bxd4+ 39.Qxd4 Qf3 40.Bg2 Qd3 41.Qf4 Qb1+ 42.Bf1 Qe4
43.Qd2 Kf6 44.h3 g5 45.Bg2 Qe5 46.Kh2 h6 47.a3 h5 48.h4 gxh4 49.Qh6+ Bg6
50.Qf8+ Bf7 51.Qd8+ Qe7 52.Qh8+ Kg6 53.gxh4 Qxh4+ 54.Kg1 Qe1+ 55.Bf1 Qe3+
56.Kg2 Qg5+ 57.Kh1 Qf6 58.Bd3+ Kg5 59.Qh7 h4 60.Kg2 Bh5 61.Qg8+ Kf4 62.Kf2 Qd4+
63.Kg2 Bf3+ 64.Kh3 Qxd3 65.Kxh4 Ke3 66.Qg5+ Ke2 67.Qe7+ Qe4+  0-1